Chakma village society and economy in southeastern Bangladesh : a study of the Sukarchhari community /
Saved in:
| Main Author: | |
|---|---|
| Format: | Thesis Book |
| Language: | English |
| Published: |
1985
|
| Subjects: | |
| Tags: |
Add Tag
No Tags, Be the first to tag this record!
|
| LEADER | 01042cam a2200289 4500 | ||
|---|---|---|---|
| 001 | u49969 | ||
| 003 | SIRSI | ||
| 008 | 870428s1985 si v 0 eng | ||
| 015 | |a X860002215 | ||
| 035 | |a AAF-3778 | ||
| 040 | |a UMM | ||
| 043 | |a a-bg--- | ||
| 090 | 0 | 0 | |a DS432 |b C46Rah |
| 100 | 1 | 0 | |a Rahman, Md. Habibur |
| 245 | 1 | 0 | |a Chakma village society and economy in southeastern Bangladesh : |b a study of the Sukarchhari community / |c Md. Habibur Rahman |
| 260 | |c 1985 | ||
| 300 | |a ix, 277 leaves : |b ill. maps ; |c 30cm | ||
| 502 | |a Dissertation (M.A.) -- National University of Singapore, 1985 | ||
| 504 | 0 | 0 | |a Bibliography: leaves 268-277 |
| 650 | 0 | |a Chakma (Asian people) |z Bangladesh |z Sukarchhari | |
| 650 | 0 | |a Ethnology |z Bangladesh | |
| 650 | 0 | |a Chakma (Asian people) |x Social conditions | |
| 650 | 0 | |a Chakma (Asian people) |x Social life and customs | |
| 650 | 0 | |a Chakma (Asian people) |x Economic conditions | |
| 948 | |a 16/03/1991 |b 27/11/2000 | ||
| 596 | |a 1 | ||
| 999 | |a DS432 C46RAH |w LC |c 1 |i A505808406 |l STACKS |m P01UTAMA |r Y |s Y |t TESIS |u 22/10/1991 | ||
